ბათუმის შოთა რუსთაველის სახელმწიფო უნივერსიტეტის ბიბლიოთეკა

შრომის უსაფრთხოება : (ბიბ.ჩანაწერი № 50693)

000 -ლიდერი
ფიქსირებული სიგრძის საკონტროლო ველი 01297nam a2200241Ia 4500
001 - საკონტროლო ნომერი
საკონტროლო ველი 17644
003 - საკონტროლო ნომრის იდენტიფიკატორი
საკონტროლო ველი GE_BSU
005 - ბოლო ოპერაციის თარიღი და დრო
საკონტროლო ველი 20200220162454.0
008 - ფიქსირებული სიგრძის მონაცემთა ელემენტები - ზოგადი ინფორმაცია
ფიქსირებული სიგრძის საკონტროლო ველი 181216s2008ge xx |||||||||||||| ||geo||
040 ## - კატალოგიზაციის წყარო
Transcribing agency GE_BSU
041 ## - ენის კოდი
Language code of text/sound track or separate title geo
080 ## - უნივერსალური ათობითი კლასიფიკაციის ინდექსი
Universal Decimal Classification number 331.45(072):69 შ-87
245 ## - ცნობა სათაურის შესახებ
Title შრომის უსაფრთხოება :
Remainder of title მეთოდური მითითებები ლაბორატორიული სამუშაოების შესასრულებლად /
Statement of responsibility, etc რედ . თ.კუნჭულია.
250 ## - გამოცემის ცნობა
Edition statement მე-3 შევსებული და გადამუშავებული გამოცემა
264 ## - წარმოების, გამოცემის, დისტრიბუციის და სხვა ცნობები
გამოცემის, წარმოების, დისტრიბუციის... ადგილი თბილისი :
გამოცემის, წარმოების, დისტრიბუციის... სახელწოდება ტექნ. უნ-ტი,
გამოცემის, წარმოების, დისტრიბუციის... თარიღი 2008.
300 ## - ფიზიკური აღწერა
Extent 172 გვ;
Other physical details ცხრ ;
Dimensions 20 სმ.
653 ## - INDEX TERM--UNCONTROLLED
Uncontrolled term ინჟინერია
653 ## - INDEX TERM--UNCONTROLLED
Uncontrolled term მეთოდური მითითებები
653 ## - INDEX TERM--UNCONTROLLED
Uncontrolled term საგანგებო სიტუაციების მართვისა და შრომის უსაფრთხოების მიმართულება
653 ## - INDEX TERM--UNCONTROLLED
Uncontrolled term შრომის უსაფრთხოება
700 ## - ADDED ENTRY--PERSONAL NAME
Personal name კუნჭულია, თ
Relator term რედაქტორი
9 (RLIN) 7282
942 ## - ADDED ENTRY ELEMENTS (KOHA)
Koha item type წიგნი
Source of classification or shelving scheme
ეგზემპლარები
ჩამოწერის სტატუსი დაკარგული ეგზემპლარის სტატუსი კლასიფიკაციის წყარო ან თაროზე გაწყობის სქემა დაზიანების სტატუსი არ გაიცემა მუდმივი მდებარეობა (დაცვის ადგილი) ამჟამინდელი ადგილსამყოფელი თაროზე განთავსების ადგილი შეძენის თარიღი სრული შენახვის შიფრი შტრიხკოდი ბოლო ოპერაციის თარიღი ეგზემპლარის მიმდევრობითი ნომერი (კეტერი?) ფასის ძალაში შესვლის თარიღი ეგზემპლარის სახეობა
          ბათუმის შოთა რუსთაველის სახელმწიფო უნივერსიტეტის მთავარი ბიბლიოთეკა ტექნოლოგიური ფაკულტეტის ბიბლიოთეკა წიგნსაცავი 2018-12-17 331.45(072):69 შ-87 45629 2018-12-17 45629 2018-12-17 წიგნი